Nông dân Việt Nam tiến lên chủ nghĩa xã hội
Shranjeno v:
| Korporativna značnica: | |
|---|---|
| Format: | Knjiga |
| Izdano: |
H.
Khoa học xã hội
1979
|
| Teme: | |
| Oznake: |
Označite
Brez oznak, prvi označite!
|
| Thư viện lưu trữ: | Trung tâm Học liệu Lê Vũ Hùng, Trường Đại học Đồng Tháp |
|---|
| LEADER | 00734pam a22001938a 4500 | ||
|---|---|---|---|
| 001 | 00000864 | ||
| 005 | 20171026081022.0 | ||
| 008 | 110323s1979 ||||||Viesd | ||
| 041 | 0 | # | |a Vie |
| 082 | 1 | 4 | |a 305.559 7 |b N455D |
| 110 | 1 | # | |a Ủy Ban khoa học xã hội Việt Nam |
| 245 | 0 | 0 | |a Nông dân Việt Nam tiến lên chủ nghĩa xã hội |
| 260 | # | # | |a H. |b Khoa học xã hội |c 1979 |
| 300 | # | # | |a 446 tr. |c 19 cm. |
| 653 | # | # | |a Nông nghiệp |a Việt Nam |a Chủ nghĩa xã hội |a Hợp tác hóa |a Nông dân |a Xây dựng |
| 852 | # | # | |b Kho đọc |j KD.0000856 |
| 852 | # | # | |j KD.0000856 |
| 910 | |d 23/03/2011 | ||
| 980 | # | # | |a Trung tâm Học liệu Lê Vũ Hùng, Trường Đại học Đồng Tháp |